Word Ladder: Easy Math Quiz Stats

 Plays Quiz Updated Jan 20, 2018

Challenge
Share
Tweet
Embed
Score 0/28 Timer 04:00
3 Plays Today
Clue 4-Letter Word % Correct
Two times two•FOUR•
99.7%
Ten divided by two•FIVE•
93.6%
Six plus three•NINE•
93.1%
Fewer than•LESS•
92%
The L in SNLLIVE
90.9%
Nada, in tennisLOVE
88.5%
In addition to•PLUS•
88.4%
Monetary penaltyFINE
86.5%
Sink stopperPLUG
86.1%
What you do, if you get nada in tennisLOSE
86.1%
Business deficitLOSS
85.1%
'Nick at ____'NITE
82.6%
Eyeball componentLENS
82.5%
AllowsLETS
82%
Clue 4-Letter Word % Correct
Garden pestSLUG
81.2%
Long forPINE
79.8%
Brooklyn NBA club•NETS•
79.7%
Name of XII PopesPIUS
79.4%
Eggs of liceNITS
79.3%
Victorious wrestling movesPINS
78%
Grapes, to Aesop's foxSOUR
77.1%
Derogatory termSLUR
73.3%
Result of the highlighted formula•ZERO•
70.3%
'Suicide Squad' Joker portrayerLETO
65.2%
Preceded and succeeded O'BrienLENO
60.5%
Hawaiian state birdNENE
55.7%
Aqua singer Nystrøm or new wave singer LovichLENE
55.2%
Greek philosopher of 'Paradoxes'ZENO
54%

Today's Daily Dose

You're not logged in!

Compare scores with friends on all Sporcle quizzes.
OR
Log In

You Might Also Like...

Show Comments

Extras

Top Quizzes Today


Score Distribution

Your Account Isn't Verified!

In order to create a playlist on Sporcle, you need to verify the email address you used during registration. Go to your Sporcle Settings to finish the process.

Report this User

Report this user for behavior that violates our Community Guidelines.

Details: